Creative advertising (Record no. 39138)

MARC details
000 -LEADER
fixed length control field 00715nam a2200205 a 4500
008 - FIXED-LENGTH DATA ELEMENTS--GENERAL INFORMATION
fixed length control field 070214s2002 ||||||||||||||||| || u
020 ## - INTERNATIONAL STANDARD BOOK NUMBER
International Standard Book Number 0500284768
050 ## - LIBRARY OF CONGRESS CALL NUMBER
Classification number HF 5823 Pri
100 ## - MAIN ENTRY--PERSONAL NAME
Personal name Pricken, Mario
245 10 - TITLE STATEMENT
Title Creative advertising
Statement of responsibility, etc. Mario Pricken
246 ## - VARYING FORM OF TITLE
Title proper/short title ideas and techniques from the world's best campaigns
250 ## - EDITION STATEMENT
Edition statement 1st ed.
260 ## - PUBLICATION, DISTRIBUTION, ETC.
Place of publication, distribution, etc. London
Name of publisher, distributor, etc. Thames & Hudson
Date of publication, distribution, etc. 2002
300 ## - PHYSICAL DESCRIPTION
Extent 263p.: ill.
350 ## - PRICE (NR) (BK AM CF MU VM SE) [OBSOLETE]
Price 0.00
650 ## - SUBJECT ADDED ENTRY--TOPICAL TERM
Topical term or geographic name entry element ADVERTISING CAMPAIGNS
650 ## - SUBJECT ADDED ENTRY--TOPICAL TERM
Topical term or geographic name entry element COMMERCIAL ART--TECHNIQUE
650 ## - SUBJECT ADDED ENTRY--TOPICAL TERM
Topical term or geographic name entry element TEXTBOOKS
995 ## - RECOMMENDATION 995 [LOCAL, UNIMARC FRANCE]
-- 0.00
-- CBU-MAIN LIBRARY (Kitwe)
-- 1
-- 0.00
-- 1
-- AVAILABLE
-- Feb 14, 2007
-- Main Library Open Access Collection
Holdings
Withdrawn status Lost status Source of classification or shelving scheme Damaged status Not for loan Home library Current library Shelving location Date acquired Total Checkouts Full call number Barcode Date last seen Price effective from Koha item type
          CBU-MAIN LIBRARY, KITWE. CBU-MAIN LIBRARY, KITWE.   11/30/2022   HF 5823 Pri 52955 11/30/2022 11/30/2022 MONOGRAPH